• 首页
  • 本馆介绍
  • 公告通知
  • 最新文献
  • 馆藏检索
  • 电子资源
  • 读者导购
  • 参考咨询
  • 我的图书馆
  • 登录
  • 详细信息显示
  • 放入我的书架
  • 预约/预借图书
  • 作者相关作品
  • 分类相关作品
  • 丛书相关作品
  • 出版社相关作品

书目信息

  • 表格格式
  • 工作单格式
  • 卡片格式
题名:
都是性灵食色
    
 
作者: 柯平 著
分册:  
出版信息: 重庆   重庆出版社  2006
页数: 296页
开本: 24cm
丛书名:
单 册:
中图分类: D691.71
科图分类:
主题词: 知识分子--研究--中国--明清时代 , 知识分子
电子资源:
ISBN: 7-5366-7599-2
000 00830nam0 2200241 450
001 003078893
005 20061118171135.48
010    @a7-5366-7599-2@dCNY32.00
100    @a20060215d2006 em y0chiy0110 ea
101 0  @achi
102    @aCN@b500000
105    @aa z 000yd
200 1  @a都是性灵食色@9dou shi xing ling shi se@e明清文人生活考@f柯平著
210    @a重庆@c重庆出版社@d2006
215    @a296页@c图@d24cm
330    @a本书对明清文人生活进行了考释,让李渔、袁牧、金圣叹、郑板桥、吴梅村等十三个著名人物返回生动的历史脉络之中,呈现出他们生命之途的辉煌与沧桑。
517 1  @a明清文人生活考@9ming qing wen ren sheng huo kao
606 0  @a知识分子@x研究@y中国@z明清时代
606 0  @a知识分子
690    @aD691.71@v4
701  0 @a柯平@9ke ping@f(1956?~)@4著
801  0 @aCN@bNLC@c20061118
905    @a10447@dD691.71@e112
    
    都是性灵食色:明清文人生活考/柯平著.-重庆:重庆出版社,2006
    296页:图;24cm
    
    
    ISBN 7-5366-7599-2:CNY32.00
    本书对明清文人生活进行了考释,让李渔、袁牧、金圣叹、郑板桥、吴梅村等十三个著名人物返回生动的历史脉络之中,呈现出他们生命之途的辉煌与沧桑。
●
相关链接 在E读中查询图书 在五车中查询图书 在当当中查询图书 在豆瓣中查询图书


正题名:都是性灵食色     索取号:D691.71/112         预约/预借

序号 登录号 条形码 馆藏地/架位号 状态 备注
1 0392591   203925912   第一样本阅览室/ [索取号:D691.71/112] 在馆    
2 0392592   203925921   第一借阅区/ [索取号:D691.71/112] 在馆    
3 0392593   203925930   第一借阅区/ [索取号:D691.71/112] 在馆    
4 0392594   203925949   第一借阅区/ [索取号:D691.71/112] 在馆    
5 0392595   203925958   第一借阅区/ [索取号:D691.71/112] 在馆    
唐山师范学院图书馆 欢迎您!
大连网信软件有限公司© 版权所有